| 000 | 00901nam a22002057a 4500 | ||
|---|---|---|---|
| 003 | OSt | ||
| 005 | 20260512110536.0 | ||
| 008 | 260512b2011 slv spa | ||
| 040 | _cBMC | ||
| 082 | _a658.04 | ||
| 100 | 1 |
_aMarroquín Díaz, Luis Humberto _950394 |
|
| 245 | 1 | 0 |
_aPasantía realizada en Colegio Bautista de Santa Ana _b: Informe final _cLuis Humberto Marroquín Díaz |
| 260 |
_aSanta Ana (El Salvador) _bUniversidad Católica de El Salvador _c2026 |
||
| 300 |
_a154 p. _bil. col. _c27 cm _e+ 1 disco compacto |
||
| 500 | _aPrecede al tít.: Universidad Católica de El Salvador, Facultad de Ingeniería y Arquitectura | ||
| 502 | _aTrabajo de graduación para optar al grado académico de Ingeniera en sistemas informáticos | ||
| 650 | 2 | 4 |
_93341 _aGestión de empresas |
| 710 | 2 |
_91166 _aUniversidad Católica de El Salvador _bFacultad de Ingeniería y Arquitectura |
|
| 942 |
_2ddc _cTG |
||
| 999 |
_c36658 _d36658 |
||